书目信息 |
| 题名: |
发电厂和配电站的电气设备
|
|
| 作者: | 巴普季丹诺夫 , Баптиданов , 塔腊索夫 , Тарасов 著 ;陈以鸿 译 | |
| 分册: | 第二卷 | |
| 出版信息: | 北京 水利电力出版社 1961 |
|
| 页数: | 382页 | |
| 开本: | 21cm | |
| 丛书名: | ||
| 单 册: | ||
| 中图分类: | TM62 | |
| 科图分类: | ||
| 主题词: | 电厂电气系统 , 电站--电气设备 | |
| 电子资源: | ||
| ISBN: | 15165.37 | |
| 000 | 01287cam0 2200337 450 | |
| 001 | 0105462301 | |
| 005 | 20130603093814.0 | |
| 010 | @a15165.37@dCNY1.50 | |
| 091 | @a15165.37@dCNY1.50 | |
| 100 | @a20021005d1961 em y0chiy0110 ea | |
| 101 | 1 | @achi@crus |
| 102 | @aCN@b110000 | |
| 105 | @af z 000yy | |
| 106 | @ar | |
| 200 | 1 | @a发电厂和配电站的电气设备@9Fa Dian Chang;An He;Huo;Hu Pei Dian Zhan De;Di Dian Qi She Bei @f(苏)巴普季丹诺夫,Л.Н.,(苏)塔腊索夫,В.И.著@g陈以鸿译@h第二卷@b专著 |
| 205 | @a新1版 | |
| 210 | @a北京@c水利电力出版社@d1961 | |
| 215 | @a382页@c图;表@d21cm | |
| 300 | @a译自:Электрооборудование злектрическихстанций и модстанций | |
| 517 | 1 | @aЭлектрооборудование злектрическихстанций и модстанций@zrus |
| 606 | 0 | @a电厂电气系统 |
| 606 | 0 | @a电站@x电气设备 |
| 690 | @aTM62@v3 | |
| 701 | 1 | @a巴普季丹诺夫@9ba pu ji dan nuo fu@bЛ.Н.@f苏@4著 |
| 701 | 1 | @aБаптиданов@bЛ.Н.@f苏@4著 |
| 701 | 1 | @a塔腊索夫@9ta la suo fu@bВ.И.@f苏@4著 |
| 701 | 1 | @aТарасов@bВ.И.@f苏@4著 |
| 702 | 0 | @a陈以鸿@9chen yi hong@4译 |
| 801 | 0 | @aCN@b上海图书馆@c19970403 |
| 801 | 2 | @aCN@bAiZhiMarc |
| 905 | @aBZT@dTM62@e4:2@f1@sTM62/4:2 | |
| 发电厂和配电站的电气设备/(苏)巴普季丹诺夫,Л.Н.,(苏)塔腊索夫,В.И.著/陈以鸿译.第二卷.-新1版.-北京:水利电力出版社,1961 |
| 382页:图;表;21cm |
| 译自:Электрооборудование злектрическихстанций и модстанций |
| ISBN 15165.37:CNY1.50 |
| ● |
| 相关链接 |
|
|
|
正题名:发电厂和配电站的电气设备
索取号:TM62/4:2
 
预约/预借
| 序号 | 登录号 | 条形码 | 馆藏地/架位号 | 状态 | 备注 |
| 1 | 2000136408 | 2000136408 | 旧书回溯/ [索取号:TM62/4:2] | 在馆 |